[Event "Prva liga Centralne Srbije 2007"]
[Site "?"]
[Date "2007.09.16"]
[Round "2.5"]
[White "Dmitrovic, Tomislav"]
[Black "Rajevic, Gavrilo"]
[Result "1-0"]
[WhiteElo "2266"]
[BlackElo "2305"]
[PlyCount "103"]
[EventDate "2007.09.13"]

1. Nf3 Nf6 2. g3 g6 3. b4 Bg7 4. Bb2 d6 5. Bg2 e5 6. d3 O-O 7. O-O c6 8. c4
Nbd7 9. Nbd2 Re8 10. Qc2 d5 11. cxd5 Nxd5 12. Qb3 a5 13. a3 a4 14. Qc2 Nf8 15.
Rfd1 Nb6 16. Ne4 Qe7 17. Rac1 Be6 18. Nc5 f6 19. Nxe6 Nxe6 20. d4 exd4 21. Nxd4
Rad8 22. Nxe6 Qxe6 23. Bd4 Nc8 24. e3 Nd6 25. Bf1 Kh8 26. Bb6 Ra8 27. Qd2 Bf8
28. Qb2 Bg7 29. Qd2 Bf8 30. Bc7 Ne4 31. Qc2 Ng5 32. Bg2 f5 33. b5 Rac8 34. Bf4
cxb5 35. Qb2+ Bg7 36. Qxb5 Rxc1 37. Rxc1 Ne4 38. Qxb7 g5 39. Bxe4 gxf4 40. Bd5
Qd6 41. exf4 Qxa3 42. Rc8 Qf8 43. Rxe8 Qxe8 44. Bc6 Qd8 45. Bxa4 Bd4 46. Qd7
Qf6 47. Bc2 Qb6 48. Bxf5 Bxf2+ 49. Kg2 Qa7 50. Qd8+ Kg7 51. Qg5+ Kf7 52. Bxh7
1-0

[Event "Prva liga Centralne Srbije 2007"]
[Site "?"]
[Date "2007.09.16"]
[Round "2.5"]
[White "Markovic, Dejan"]
[Black "Tosic, Nebojsa"]
[Result "1-0"]
[WhiteElo "2309"]
[BlackElo "2227"]
[PlyCount "83"]
[EventDate "2007.09.13"]

1. d4 Nf6 2. Nf3 c5 3. c3 b6 4. g3 Bb7 5. Bg2 g6 6. O-O Bg7 7. Bg5 d6 8. Re1
Nbd7 9. Nbd2 h6 10. Bxf6 Nxf6 11. e4 O-O 12. dxc5 bxc5 13. e5 Ne8 14. exd6 Nxd6
15. Qe2 Re8 16. Ne5 Bxg2 17. Kxg2 Qc7 18. Ndf3 Rab8 19. b3 Rbc8 20. c4 Ra8 21.
Rad1 a5 22. Rd5 a4 23. Qe3 Ra5 24. Nd3 axb3 25. axb3 Nf5 26. Qf4 Qb6 27. g4 Nd4
28. Nfe5 f5 29. Nxc5 e6 30. Qxd4 exd5 31. Qxd5+ Kh7 32. Ned7 Qd8 33. Nf6+ Qxf6
34. Rxe8 h5 35. Qg8+ Kh6 36. Ne6 fxg4 37. Qxg7+ Qxg7 38. Nxg7 Kxg7 39. b4 Ra1
40. b5 Kf7 41. Rb8 Rc1 42. b6 1-0

[Event "Prva liga Centralne Srbije 2007"]
[Site "?"]
[Date "2007.09.16"]
[Round "2.5"]
[White "Rajkovic, Ljubomir"]
[Black "Jonic, Vladimir"]
[Result "0-1"]
[WhiteElo "2208"]
[BlackElo "2208"]
[PlyCount "84"]
[EventDate "2007.09.13"]

1. e4 c5 2. Nf3 d6 3. Bb5+ Bd7 4. Bxd7+ Qxd7 5. O-O Nc6 6. c3 d5 7. d3 e6 8.
Qe2 Nge7 9. Bg5 Ng6 10. Na3 Be7 11. Bxe7 Qxe7 12. exd5 exd5 13. Rfe1 Qxe2 14.
Rxe2+ Kd7 15. g3 f6 16. Nc2 Rae8 17. Rxe8 Rxe8 18. Ne3 Nge5 19. Nxe5+ Rxe5 20.
Kf1 d4 21. Nc2 b5 22. a3 Rh5 23. Kg2 Rd5 24. Rd1 a5 25. f4 b4 26. axb4 axb4 27.
c4 Rd6 28. Ra1 Re6 29. Kf2 b3 30. Ne1 Nb4 31. Ra7+ Kc6 32. Rxg7 Rxe1 33. Kxe1
Nxd3+ 34. Kd2 Nxb2 35. Kc1 Nxc4 36. Rg8 Nd6 37. Rb8 c4 38. g4 Nb5 39. Kb2 d3
40. Rd8 Kc5 41. g5 f5 42. Ka1 Nd6 0-1

[Event "Prva liga Centralne Srbije 2007"]
[Site "?"]
[Date "2007.09.16"]
[Round "2.6"]
[White "Stojanovic, Dalibor"]
[Black "Ilincic, Zlatko"]
[Result "0-1"]
[WhiteElo "2503"]
[BlackElo "2509"]
[PlyCount "96"]
[EventDate "2007.09.13"]

1. e4 e5 2. Nf3 Nf6 3. Nxe5 d6 4. Nf3 Nxe4 5. Nc3 Nf6 6. d4 d5 7. Bg5 c6 8.
Qe2+ Be6 9. O-O-O Be7 10. Ne5 Ne4 11. Nxe4 Bxg5+ 12. Nxg5 Qxg5+ 13. Kb1 Nd7 14.
Nxd7 Kxd7 15. Qe1 a5 16. f3 h5 17. Qf2 Bf5 18. Bd3 Bxd3 19. Rxd3 Rhe8 20. Rb3
Kc7 21. f4 Qf6 22. Re3 g5 23. Rhe1 Rxe3 24. Rxe3 Qxf4 25. Rf3 Qxh2 26. Rxf7+
Kb6 27. a3 Re8 28. Qf3 Qg1+ 29. Ka2 Qxd4 30. Rxb7+ Kxb7 31. Qf7+ Kb6 32. Qxe8
Qc4+ 33. Kb1 Qf1+ 34. Ka2 Qxg2 35. Qd8+ Ka6 36. Qa8+ Kb6 37. Qd8+ Kc5 38. Qxa5+
Kd4 39. Qb4+ Ke3 40. Qc3+ Ke2 41. Qd3+ Ke1 42. a4 g4 43. a5 g3 44. a6 Qf2 45.
Qc3+ Kd1 46. Qd3+ Kc1 47. Qa3 g2 48. b4+ Kd1 0-1

[Event "Prva liga Centralne Srbije 2007"]
[Site "?"]
[Date "2007.09.16"]
[Round "2.6"]
[White "Pap, Misa"]
[Black "Bogosavljevic, Boban"]
[Result "0-1"]
[WhiteElo "2493"]
[BlackElo "2491"]
[PlyCount "58"]
[EventDate "2007.09.13"]

1. e4 c5 2. c3 Nf6 3. e5 Nd5 4. d4 cxd4 5. Nf3 e6 6. cxd4 d6 7. Bc4 Nc6 8. Bd2
dxe5 9. dxe5 Nb6 10. Bb3 Nd4 11. Nxd4 Qxd4 12. O-O Bd7 13. Qe2 Bc6 14. Nc3 Bc5
15. Rad1 Qh4 16. Be3 Bxe3 17. Qxe3 O-O 18. Rd4 Qe7 19. Rfd1 Rad8 20. Bc2 Rxd4
21. Rxd4 g6 22. Bb3 Rd8 23. Rg4 Qd7 24. h4 Qd2 25. Qg3 Rd3 26. f3 Qc1+ 27. Kh2
Bxf3 28. Rf4 Bc6 29. Qg5 Rh3+ 0-1

[Event "Prva liga Centralne Srbije 2007"]
[Site "?"]
[Date "2007.09.16"]
[Round "2.6"]
[White "Miljkovic, Miroslav"]
[Black "Milanovic, Danilo"]
[Result "1/2-1/2"]
[WhiteElo "2405"]
[BlackElo "2495"]
[PlyCount "59"]
[EventDate "2007.09.13"]

1. d4 Nf6 2. c4 c5 3. d5 b5 4. cxb5 a6 5. bxa6 Bxa6 6. Nc3 g6 7. g3 d6 8. Bg2
Bg7 9. Nf3 Nbd7 10. Rb1 O-O 11. O-O Qa5 12. Bd2 Ng4 13. Qc2 Nge5 14. Nxe5 Nxe5
15. b3 Qa3 16. Bc1 Qa5 17. Bd2 Qa3 18. Bc1 Qb4 19. Bd2 c4 20. Rfc1 Rfb8 21. Ne4
Qa3 22. Bc3 f5 23. Ng5 Bf6 24. Ne6 Bc8 25. bxc4 Rxb1 26. Rxb1 Bxe6 27. dxe6
Qxa2 28. Qxa2 Rxa2 29. Bxe5 Bxe5 30. e3 1/2-1/2

[Event "Prva liga Centralne Srbije 2007"]
[Site "?"]
[Date "2007.09.16"]
[Round "2.6"]
[White "Nikolic, Zivoslav"]
[Black "Perunovic, Miodrag"]
[Result "1/2-1/2"]
[WhiteElo "2417"]
[BlackElo "2368"]
[PlyCount "71"]
[EventDate "2007.09.13"]

1. Nf3 Nf6 2. g3 b6 3. Bg2 Bb7 4. O-O c5 5. c4 e6 6. Nc3 Be7 7. d4 cxd4 8. Nxd4
Bxg2 9. Kxg2 Qc8 10. Qd3 Nc6 11. Nxc6 Qxc6+ 12. e4 O-O 13. f3 Rfc8 14. b3 d5
15. exd5 exd5 16. Nxd5 Nxd5 17. cxd5 Qc2+ 18. Qxc2 Rxc2+ 19. Rf2 Rxf2+ 20. Kxf2
Bf6 21. Rb1 Rd8 22. Be3 Rxd5 23. Rc1 Bd8 24. Rc8 Kf8 25. Ra8 Rd7 26. b4 Ke7 27.
b5 Kd6 28. Ke2 h5 29. h3 g5 30. a4 f5 31. Rc8 Ke5 32. Bd2 Kd5 33. Bc1 g4 34.
hxg4 hxg4 35. fxg4 fxg4 36. Bf4 1/2-1/2

[Event "Prva liga Centralne Srbije 2007"]
[Site "?"]
[Date "2007.09.16"]
[Round "2.6"]
[White "Maksimovic, Branimir"]
[Black "Jovanovic, Bojan"]
[Result "1-0"]
[WhiteElo "2362"]
[BlackElo "2304"]
[PlyCount "69"]
[EventDate "2007.09.13"]

1. d4 Nf6 2. Nf3 e6 3. e3 b6 4. Bd3 Bb7 5. O-O Be7 6. c4 d6 7. Nc3 c5 8. d5 e5
9. Nd2 O-O 10. f4 exf4 11. exf4 Bc8 12. h3 Re8 13. b3 Bf8 14. Bb2 a6 15. Nde4
Nbd7 16. Qc2 h6 17. Ng3 b5 18. Rae1 bxc4 19. bxc4 Nb6 20. Nce4 Nxe4 21. Nxe4
Bd7 22. f5 Rb8 23. Ba1 Qh4 24. Qc1 f6 25. Rf4 Qh5 26. Rg4 Kh7 27. Ng3 Rxe1+ 28.
Qxe1 Qf7 29. Qe6 Bxe6 30. fxe6+ f5 31. exf7 g6 32. Nxf5 Nxc4 33. Nh4 Ne5 34.
Bxe5 dxe5 35. Nxg6 1-0

[Event "Prva liga Centralne Srbije 2007"]
[Site "?"]
[Date "2007.09.16"]
[Round "2.6"]
[White "Jovanovic, Drasko"]
[Black "Miljkovic, Mihajlo"]
[Result "1/2-1/2"]
[WhiteElo "2250"]
[BlackElo "2260"]
[PlyCount "20"]
[EventDate "2007.09.13"]

1. d4 d5 2. c4 e6 3. Nc3 Nf6 4. Bg5 Nbd7 5. e3 c6 6. Nf3 Qa5 7. Bxf6 Nxf6 8.
Nd2 Bb4 9. Qb3 O-O 10. a3 c5 1/2-1/2